| 000 | 00695nam a2200181Ia 4500 | ||
|---|---|---|---|
| 008 | 100920s9999 xx 000 0 und d | ||
| 082 |
_b67796 _a28 व 539 थ 94 |
||
| 100 | _aकुकडे सुमती. | ||
| 245 | _aसकस खा , बलवान व्हा. | ||
| 260 |
_bमधुराज पब्लिकेशन्स प्रायव्हेट लिमिटेड, पुणे 2. _c1994 |
||
| 300 |
_a54 _bसाधी |
||
| 365 | _b14 | ||
| 520 | _aबा.वि.शाअ. | ||
| 630 | _aसकस खा , बलवान व्हा. | ||
| 650 | _aबा.वि.शाअ. | ||
| 730 | _aसकस खा , बलवान व्हा. | ||
| 942 | _cBOOK | ||
| 999 |
_c710216 _d710213 |
||